| 000 | 01486nam a2200349 i 4500 | ||
|---|---|---|---|
| 001 | 98436 | ||
| 003 | ES-MaACL | ||
| 005 | 20250829111923.0 | ||
| 007 | t| | ||
| 008 | 050831e19671979sp a||||r 00110dspa | ||
| 017 |
_aM 19562-1967 _bOficina Depósito Legal Madrid |
||
| 020 | _a84-239-4876-5 | ||
| 080 | _a910.4(091) | ||
| 080 | _a910.4-051 | ||
| 080 | _a629.78 | ||
| 080 | _a523/524-126 | ||
| 245 | 0 | 0 |
_aHistoria universal de las exploraciones / _cpublicada bajo la dirección de L.-H. Parias ; prefacio de Lucien Febvre ; edición española dirigida y revisada por Francisco Morales Padrón |
| 260 |
_aMadrid : _bEspasa-Calpe, _c1967-1979 |
||
| 300 |
_a6 volúmenes : _bilustraciones (blanco y negro y color) ; _c24 cm |
||
| 505 | 0 | _a1. De la Prehistoria al fin de la Edad Media - 2. El Renacimiento (1415-1600) - 3. El tiempo de los grandes veleros - 4. Época contemporánea - 5. Exploración del espacio - 6. Exploración del sistema solar | |
| 594 | _5Traducido del francés | ||
| 650 | 4 |
_aDescubrimientos geográficos- _vHistoria _911830 |
|
| 650 | 7 |
_aExploradores _2embne _9174369 |
|
| 650 | 7 |
_aExploración espacial _2embne _912694 |
|
| 700 | 1 |
_aParias, Louis-Henri _epbd _989119 |
|
| 700 | 1 |
_aFebvre, Lucien, _d1878-1956 _eaui _949047 |
|
| 700 | 1 |
_aMorales Padrón, Francisco, _d1924-2010 _erev _983066 |
|
| 852 | 4 |
_aES-MaACL _bR.65699 _cDEPO2 _jP-1302 |
|
| 942 |
_2udc _cMONOGRAFIA _n0 |
||
| 999 |
_c98436 _d98436 |
||